| 000 | 00414cam a2200181 4500 | ||
|---|---|---|---|
| 001 | D13795 | ||
| 008 | 090401t1920 xxu||||| |||| 00| 0 eng d | ||
| 035 | _a(Sirsi) u11701 | ||
| 041 | _aeng | ||
| 100 | _aRyde, Walter C | ||
| 245 | 4 | _aThe law and practice of rating | |
| 250 | _a4th | ||
| 260 |
_aLondon _bButterworth & Shaw _c1920 |
||
| 350 | _a0 | ||
| 520 | _aShelf 134 | ||
| 942 | _n0 | ||
| 948 | _c04/03/1997 | ||
| 999 |
_c86895 _d86895 |
||